Annual report of Auditor for Navy Department for fiscal year ended June 30, 1919.

Bibliographic Details
Corporate Author: United States. Navy Department
Format: Government Document eBook
Language:English
Published: [Washington] : GPO, 1918-1919.
Subjects:
Online Access:Connect to the full text of this electronic document

MARC

Tag First Indicator Second Indicator Subfields
LEADER 00000cam a22000001a 4500
001 in00003669983
005 20190408174121.0
006 m o d f
007 cr bn mmmapmmp
008 141124m19181919dcu o f000 0 eng d
035 |a ebd191006691 
040 |a UMI  |c UMI  |d UtOrBLW 
086 0 |a T 6.1:919 
099 |a T6.1-19 
110 1 |a United States.  |b Navy Department.  |0 http://id.loc.gov/authorities/names/n79083946 
245 1 0 |a Annual report of Auditor for Navy Department for fiscal year ended June 30, 1919. 
264 1 |a [Washington] :  |b GPO,  |c 1918-1919. 
300 |a 1 online resource (6 pages) 
336 |a text  |b txt  |2 rdacontent 
337 |a computer  |b c  |2 rdamedia 
338 |a online resource  |b cr  |2 rdacarrier 
500 |a Reports review the operations of Navy Department Auditor, and include data on accounts and claims on hand and settled, and amounts involved in settlement, by class. 
533 |a Electronic reproduction.  |b [Bethesda, Md.] :  |c ProQuest,  |d 2014.  |e digital, PDF file.  |n ProQuest U.S. Executive Branch Documents  |n Mode of access: World Wide Web via ProQuest website. 
588 |a Record is based on online resource; title from PDF title page (ProQuest, last viewed Nov. 2014). Reuse except for individual research requires license from ProQuest, LLC. 
500 |a Electronic resource. 
650 0 |a Claims.  |0 http://id.loc.gov/authorities/subjects/sh85026530 
650 0 |a Forms (Law)  |0 http://id.loc.gov/authorities/subjects/sh85050838 
650 0 |a Government paperwork  |x Law and legislation.  |0 http://id.loc.gov/authorities/subjects/sh85056090 
655 7 |a Electronic books.  |2 local 
856 4 0 |u http://proxy.library.tamu.edu/login?url=http://congressional.proquest.com/congressional/docview/t66.d71.t6.1-19  |z Connect to the full text of this electronic document  |t 0 
999 f f |s 175ad52a-08c5-3bbb-8153-7ec54032836a  |i e2f1df0d-5847-3d93-8b34-803c45407139  |t 0 
952 f f |a Texas A&M University  |b College Station  |c Electronic Resources  |d Available Online  |t 0  |h No information provided 
998 f f |t 0  |l Available Online